| 000 | 01154cam a2200181 4500500 | ||
|---|---|---|---|
| 005 | 20260405085451.0 | ||
| 041 | _afre | ||
| 042 | _adc | ||
| 100 | 1 | 0 |
_aBergez, Daniel _eauthor |
| 700 | 1 | 0 |
_aLauvergnat-Gagnière, Christiane _eauthor |
| 700 | 1 | 0 |
_aPaupert, Anne _eauthor |
| 700 | 1 | 0 |
_aStalloni, Yves _eauthor |
| 700 | 1 | 0 |
_aVannier, Gilles _eauthor |
| 245 | 0 | 0 | _aPrécis de littérature française |
| 260 |
_bArmand Colin,
_c2023. |
||
| 520 | _aCe précis offre un panorama détaillé de la littérature française du Moyen Âge à nos jours. Destiné aux étudiants et enseignants, et à tous ceux qui préparent des concours et examens, il rassemble les principales connaissances utiles sur les auteurs, les œuvres et les grands courants. Chaque siècle fait l'objet d'une présentation du contexte historique et idéologique dans lequel s'inscrit l'évolution des formes et des genres. Des notices séparées sont consacrées aux mouvements littéraires majeurs : la Pléiade, le romantisme, le surréalisme, etc. | ||
| 856 | 4 | 1 | _uhttps://shs.cairn.info/precis-de-litterature-francaise--9782200635695?lang=fr&redirect-ssocas=7080 |
| 999 |
_c2197818 _d2197818 |
||